| 000 | 00481ntaaa2200181 4500 | ||
|---|---|---|---|
| 003 | 01 | ||
| 005 | 20251027202421.0 | ||
| 008 | 0714s1973 ag 01 | ||
| 040 |
_aAR-BaBN _bspa _cAR-BaBN _eaacr _dRIC |
||
| 082 | _a287.1820 M76u | ||
| 100 |
_aMonti, Daniel P _913181 |
||
| 245 | _aUbicación del metodismo en el Río de la Plata | ||
| 250 | _a1 ed. | ||
| 260 |
_aBuenos Aires : _bAurora, _c1976 |
||
| 300 |
_a270 p ; _c22,5 cm |
||
| 650 | _aMetodistas-Rio de la Plata | ||
| 942 | _cBK | ||
| 999 |
_c19082 _d19082 |
||